| 000 | 00635cam a22001691 4500 | ||
|---|---|---|---|
| 082 | _a330.1 | ||
| 100 | 1 |
_aBallvé, Faustino. _937997 |
|
| 245 | 1 | 0 |
_aEssentials of economics: _ba brief survey of principles and policies. _cTranslated from the Spanish and edited by Arthur Goddard. |
| 260 |
_aPrinceton, N.J., _bVan Nostrand, _c[1963] |
||
| 300 |
_a109 p. _c24 cm. |
||
| 490 | 0 | _aThe William Volker Fund series in the humane studies | |
| 500 | _aTranslation of Diez lecciones de economia. | ||
| 526 |
_a0 _b0 _c0 _d330_000000000000000_AKH |
||
| 526 |
_a0 _b0 _c0 _d330_000000000000000_AKH |
||
| 650 | 0 |
_aEconomics. _91437 |
|
| 942 |
_2ddc _cBK |
||
| 999 |
_c542706 _d542706 |
||